000 00584nam a22001817a 4500
005 20231127081823.0
008 231127b |||||||| |||| 00| 0 eng d
020 _a9789991609430
041 _aEnglish
082 _a340.1 AMO
100 _aAmoo, SK
_lEnglish
245 _aAn Introduction to Namibian Law :
_bMaterials and Cases /
_cSK Ammoo
250 _aFirst Edition
260 _aWindhoek :
_bMacmillan Education Namibia Publishers (Pty) Ltd,
_c2008
300 _bii, 482 pages ;
_c25 cm.
650 _aLegal practice
_bLaw
942 _cBK
_6ALISON_BN_VRIES
999 _c965
_d965